000 01046nas a2200301 4500
001 BR8301579
003 BR-BrBNA
005 20231205085506.0
007 ta
008 230509b bl.|||p| |||| 00| 00por d
040 _aBR-BrBNA
_bpor
_cBiblioteca Nacional de Agricultura
041 _a(Pt)
072 _aF60
100 1 _aLin, S.S.
245 1 _aEfeito residual de baixas temperaturas de embebicao sobre emergencia, crescimento e produtividade de soja (Glycine max (L.)Merrill)[Semente]
246 1 _aResidual effect of low temperature imbibition on field emergence, growth and yield of soybean (Glycine max (L.)Merrill [Seed]
650 _aSEMENTE
650 _aEMERGENCIA
650 _aCRESCIMENTO
650 _aRENDIMENTO
650 _aCOMPORTAMENTO DE VARIEDADE
650 _aSOJA
650 _aEFEITO RESIDUAL
650 _aUMIDADE
773 0 _tRevista do Setor de Ciencias Agrarias (Brazil)
_xISSN 0100-607X
_g(1982), v. 4(1-2) p. 35-41
_wBR8301579
909 _a202311
_bLúcia
_c55
_dLúcia Elande
942 _2AGRIS
_n0
_cANA
999 _c111776
_d111776